| 000 | 00452nam a2200157Ia 4500 | ||
|---|---|---|---|
| 999 |
_c19267 _d19267 |
||
| 003 | OSt | ||
| 005 | 20200703103419.0 | ||
| 008 | 190216s9999||||xx |||||||||||||| ||und|| | ||
| 040 | _coclc | ||
| 082 |
_a942.08 _bMAR/E |
||
| 100 |
_aMarriott, J A R _93490 |
||
| 245 | 0 |
_aEngland Since Waterloo / _cJ A R Marriott |
|
| 260 |
_bSurjeet Publishing, _c1985. _aDelhi: |
||
| 300 | _a458p | ||
| 942 |
_cBK _2ddc _h942.08 _iMAR/E _k942.08 _mMAR/E |
||